| 000 | 01060nam0a22002651 4500 | ||
|---|---|---|---|
| 001 | rc\249060 | ||
| 005 | 20200310154642.0 | ||
| 035 | _a(NLR Aleph) 005505306 | ||
| 090 |
_a5348832 _c5348832 |
||
| 100 | _a20030307d1990 u |0rusy50 ca | ||
| 101 | 0 | _arus | |
| 102 | _aRU | ||
| 105 | _aa ||||||||| | ||
| 200 | 1 |
_aМЕТОДИЧЕСКИЕ указания по оценке генофонда винограда на жаростойкость _fВАСХНИЛ. ВНИИ винограда и продуктов его перераб. "Магарач" _g[Подгот. к. б. н. К.А. Барабальчук и др.] |
|
| 210 |
_aМ. _cВАСХНИЛ _d1990 |
||
| 215 |
_a13 с. _cграф. _d20 |
||
| 320 | _aБиблиогр.: с. 12-13 | ||
| 702 | 1 |
_aБарабальчук _bК. А. _4570 |
|
| 712 | 0 | 2 |
_aВНИИ винограда и продуктов его переработки _cЯлта _3RU\NLR\AUTH\889918863 |
| 801 | 0 |
_aRU _bNLR _gpsbo |
|
| 801 | 1 |
_aRU _bELAR _2rusmarc |
|
| 852 |
_aNLR _j90-4/16952 |
||
| 942 | _cBOOK | ||
| 980 | _aNB | ||